[Event "World Blitz 2016"]
[Site "Doha QAT"]
[Date "2016.12.29"]
[Round "1.32"]
[White "Agdestein, Simen"]
[Black "Amin, Bassem"]
[Result "1/2-1/2"]
[WhiteTitle "GM"]
[BlackTitle "GM"]
[WhiteElo "2602"]
[BlackElo "2662"]
[WhiteFideId "1500015"]
[BlackFideId "10601457"]
[EventDate "2016.12.29"]

1. c4 f5 2. d4 Nf6 3. g3 e6 4. Bg2 Be7 5. Nf3 d6 6. O-O O-O 7. b3 Qe8 8. Bb2 Qg6
9. Ne1 c6 10. Nd3 Qh6 11. Nd2 Nbd7 12. e4 fxe4 13. Nxe4 Nxe4 14. Bxe4 Nf6 15.
Bg2 e5 16. Bc1 Qg6 17. dxe5 dxe5 18. Nxe5 Qf5 19. Bb2 Bc5 20. Qd3 Qg5 21. Kh1
Bf5 22. Qe2 Rae8 23. Bc1 Bg4 24. Bxg5 Bxe2 25. Bxf6 Bxf1 26. Rxf1 Rxf6 27. Nd7
Rf5 28. g4 Rxf2 29. Nxc5 Rxf1+ 30. Bxf1 b6 31. Nd3 c5 32. Kg2 Rd8 33. Kf2 Rf8+
34. Ke2 Re8+ 35. Kd2 Re4 36. h3 Re7 37. Bg2 g6 38. Nf4 Kg7 39. Nd5 Rf7 40. Ke2
h5 41. Be4 h4 42. a3 g5 43. Bf5 Rf8 44. b4 Re8+ 45. Kd2 cxb4 46. axb4 Rd8 47.
Be4 Re8 48. Kd3 Rf8 49. c5 bxc5 50. bxc5 Kf7 51. Bf5 a5 52. c6 Rd8 53. Ke4 a4
54. c7 Re8+ 55. Kd4 a3 56. Nc3 1/2-1/2

[Event "World Blitz 2016"]
[Site "Doha QAT"]
[Date "2016.12.29"]
[Round "1.33"]
[White "Matlakov, Maxim"]
[Black "Darini, Pouria"]
[Result "1-0"]
[WhiteTitle "GM"]
[BlackTitle "GM"]
[WhiteElo "2694"]
[BlackElo "2511"]
[WhiteFideId "4168003"]
[BlackFideId "12502200"]
[EventDate "2016.12.29"]

1. Nf3 Nf6 2. g3 g6 3. Bg2 Bg7 4. O-O O-O 5. d4 d5 6. c4 dxc4 7. Na3 c3 8. bxc3
c5 9. Ne5 Nc6 10. Nac4 Nd5 11. Bd2 cxd4 12. Nxc6 bxc6 13. cxd4 Bxd4 14. Rc1 Bg7
15. Na5 Bd7 16. Nxc6 Bxc6 17. Rxc6 e6 18. Qa4 Qd7 19. Rfc1 Rac8 20. Qa6 Rb8 21.
Rd6 Qe7 22. Bxd5 exd5 23. Rxd5 Rb2 24. Be3 h5 25. Rcd1 Qe4 26. h4 Qg4 27. R5d2
Rxd2 28. Rxd2 Rb8 29. Qxa7 Rb1+ 30. Kg2 Qe4+ 31. f3 Qc4 32. Qc5 Qa4 33. Qc2 Qb5
34. a4 Qb4 35. Bc5 Qb7 36. Qe4 Qa6 37. Qe8+ Kh7 38. Qxf7 Rb7 39. Qd5 Rc7 40. Bd4
Bxd4 41. Qxd4 Qc6 42. a5 Qb5 43. Qb6 Qc4 44. a6 Qc1 45. Qb2 Qc5 46. Rd4 Re7 47.
Rd2 Qa5 48. Qa2 Qb5 49. a7 1-0

[Event "World Blitz 2016"]
[Site "Doha QAT"]
[Date "2016.12.29"]
[Round "1.34"]
[White "Potapov, Pavel"]
[Black "Korobov, Anton"]
[Result "1/2-1/2"]
[WhiteTitle "GM"]
[BlackTitle "GM"]
[WhiteElo "2493"]
[BlackElo "2692"]
[WhiteFideId "4169786"]
[BlackFideId "14105730"]
[EventDate "2016.12.29"]

1. e4 e6 2. d4 d5 3. e5 c5 4. c3 Nc6 5. Nf3 Bd7 6. a3 c4 7. g3 Na5 8. Nbd2 Ne7
9. h4 Nc8 10. Bh3 Nb6 11. O-O Ba4 12. Qe2 Be7 13. Ne1 Qd7 14. f4 g6 15. Ng2
O-O-O 16. Ne3 Kb8 17. Nf3 Qb5 18. Ng5 Rdf8 19. Ng4 h6 20. Nf3 Nd7 21. Be3 Nc6
22. Rae1 Qb3 23. Rf2 Bd8 24. Ref1 h5 25. Ngh2 Ne7 26. Ng5 Nf5 27. Bxf5 gxf5 28.
Nhf3 Nb6 29. Bc1 Nc8 30. Kh2 Ne7 31. Rg1 Ng8 32. Kg2 Nh6 33. Nh2 Be7 34. Re1 Kc8
35. Kg1 Kd7 36. Rg2 Ke8 37. Rf1 Ng4 38. Nxg4 hxg4 39. Rh2 Rh5 40. Be3 Rfh8 41.
Rff2 Kf8 42. Qd2 Kg7 43. Re2 Kg6 44. Ref2 Qa2 45. Rf1 a5 46. Re1 b5 47. Rf1 Rb8
48. Re2 b4 49. axb4 axb4 50. cxb4 Rxb4 51. Qc1 Rb3 52. Kf2 Rh8 53. Bd2 Bxg5 54.
fxg5 Rf3+ 55. Kg2 Rb8 56. Bc3 Rxf1 57. Kxf1 Qb3 58. Rd2 Rh8 59. Re2 Qb5 60. Kf2
Bb3 61. Re1 Qa4 62. Qa1 Ra8 63. Qxa4 Rxa4 64. Ke3 1/2-1/2

[Event "World Blitz 2016"]
[Site "Doha QAT"]
[Date "2016.12.29"]
[Round "1.35"]
[White "Wojtaszek, Radoslaw"]
[Black "Atabayev, Maksat"]
[Result "1-0"]
[WhiteTitle "GM"]
[BlackTitle "GM"]
[WhiteElo "2749"]
[BlackElo "2492"]
[WhiteFideId "1118358"]
[BlackFideId "14001101"]
[EventDate "2016.12.29"]

1. Nf3 d5 2. e3 Nf6 3. c4 c6 4. Nc3 g6 5. b3 Bg7 6. Bb2 O-O 7. Qc2 Na6 8. a3 Bf5
9. d3 Re8 10. Be2 dxc4 11. bxc4 e5 12. Ne4 Bxe4 13. dxe4 Nc5 14. Nd2 Qc7 15. O-O
Rad8 16. a4 a5 17. Ba3 Bf8 18. Rfd1 Rd7 19. Bxc5 Bxc5 20. Nb3 Bb4 21. c5 Red8
22. Rxd7 Rxd7 23. g3 Kg7 24. Kg2 Qd8 25. Qc4 Qe7 26. Rf1 Ne8 27. f4 Nc7 28. Bg4
Rd8 29. fxe5 Na6 30. e6 f6 31. e5 f5 32. e4 Rf8 33. exf5 gxf5 34. Rd1 Nxc5 35.
Nxc5 Qxc5 36. Rd7+ Kg6 37. Bh5+ 1-0

[Event "World Blitz 2016"]
[Site "Doha QAT"]
[Date "2016.12.29"]
[Round "1.37"]
[White "Bosiocic, Marin"]
[Black "Atabayev, Yusup"]
[Result "1-0"]
[WhiteTitle "GM"]
[BlackTitle "IM"]
[WhiteElo "2591"]
[BlackElo "2473"]
[WhiteFideId "14507927"]
[BlackFideId "14001128"]
[EventDate "2016.12.29"]

1. e4 c5 2. Nf3 Nc6 3. Bb5 e6 4. Bxc6 bxc6 5. b3 Ne7 6. h4 h5 7. d3 Ng6 8. Bg5
f6 9. Be3 e5 10. c4 d6 11. Nc3 Be7 12. Ne2 Nf8 13. a3 a5 14. Rb1 Rb8 15. Bd2 Ne6
16. b4 axb4 17. axb4 cxb4 18. Rxb4 Rxb4 19. Bxb4 O-O 20. Bd2 Qe8 21. O-O Qg6 22.
Ng3 Nd8 23. Qe2 Bg4 24. Qe3 Nf7 25. Nh2 Bd7 26. Qf3 Bg4 27. Nxg4 hxg4 28. Qf5
Qxf5 29. Nxf5 Re8 30. h5 Bf8 31. Kh2 Rd8 32. Kg3 d5 33. cxd5 cxd5 34. Be3 d4 35.
Bc1 Rc8 36. Kxg4 Rc2 37. Kf3 Nd8 38. g4 Nc6 39. g5 Nb4 40. gxf6 gxf6 41. Rg1+
Kh7 42. Ba3 Rd2 43. Bxb4 Bxb4 44. Rg7+ Kh8 45. h6 Rxd3+ 46. Kg2 Rc3 47. Nh4 1-0

[Event "World Blitz 2016"]
[Site "Doha QAT"]
[Date "2016.12.29"]
[Round "1.38"]
[White "Sanal, Vahap"]
[Black "Howell, David W L"]
[Result "1-0"]
[WhiteTitle "GM"]
[BlackTitle "GM"]
[WhiteElo "2474"]
[BlackElo "2644"]
[WhiteFideId "6300545"]
[BlackFideId "410608"]
[EventDate "2016.12.29"]

1. e4 e5 2. Nf3 Nc6 3. Bb5 Nge7 4. O-O Ng6 5. c3 a6 6. Ba4 d5 7. d4 dxe4 8. Nxe5
Nxe5 9. dxe5 Qxd1 10. Rxd1 Bd7 11. Bc2 Nxe5 12. Bxe4 O-O-O 13. Bf4 Bd6 14. Nd2
Rhe8 15. Bg3 f5 16. Bc2 g5 17. f3 h5 18. Nb3 f4 19. Bf2 Nc4 20. Be4 Nxb2 21.
Rdb1 Na4 22. Na5 b6 23. Nb7 Be5 24. Nxd8 Rxd8 25. Bd4 Bxd4+ 26. cxd4 Bb5 27. Rb4
Nc3 28. Kf2 Re8 29. Re1 Kd8 30. Rb2 Re6 31. Rd2 Rd6 32. Bc2 Nxa2 33. Re5 Nb4 34.
Rxg5 h4 35. Rg8+ Ke7 36. Rg7+ Kd8 37. Be4 a5 38. Rg8+ Kd7 39. Bf5+ Kc6 40. Be4+
Kd7 41. d5 Rf6 42. Rg7+ Kd6 43. Rg8 a4 44. Rd8+ Kc5 45. Rc8 Kd6 46. Rb2 Nd3+ 47.
Bxd3 Bxd3 48. Ra8 b5 49. Rd2 Bc4 50. Ra7 Rf5 51. Ra6+ Kd7 52. d6 Rd5 53. Rxd5
Bxd5 54. dxc7 Kxc7 55. Ke1 Kb7 56. Rd6 Bc4 57. Kd2 Kc7 58. Rh6 a3 59. Kc1 b4 60.
Rh5 b3 61. Rc5+ Kb6 62. Rxc4 Kb5 63. Rxf4 1-0

[Event "World Blitz 2016"]
[Site "Doha QAT"]
[Date "2016.12.29"]
[Round "1.39"]
[White "Kozul, Zdenko"]
[Black "Neelotpal, Das"]
[Result "1-0"]
[WhiteTitle "GM"]
[BlackTitle "GM"]
[WhiteElo "2613"]
[BlackElo "2463"]
[WhiteFideId "14502879"]
[BlackFideId "5003512"]
[EventDate "2016.12.29"]

1. Nf3 d5 2. g3 g6 3. Bg2 Bg7 4. O-O Nf6 5. d4 O-O 6. c3 c6 7. Bg5 Bf5 8. Nbd2
h6 9. Bxf6 Bxf6 10. Qb3 Qb6 11. Rfe1 Nd7 12. e4 dxe4 13. Nxe4 Bxe4 14. Rxe4 e6
15. h4 Bg7 16. Ree1 Rfd8 17. Nd2 Qc7 18. a4 Rab8 19. Nc4 Nb6 20. Nxb6 axb6 21.
h5 gxh5 22. Re4 c5 23. Rd1 cxd4 24. cxd4 Rd5 25. Rh4 Rg5 26. Qf3 Rd8 27. b3 Qc2
28. Qd3 Qb2 29. Bxb7 Rf5 30. Rd2 Qc1+ 31. Kg2 Qe1 32. Bf3 Rc8 33. Rxh5 Rxh5 34.
Bxh5 Rc1 35. Rd1 Rc3 36. Rd2 Bf6 1-0

[Event "World Blitz 2016"]
[Site "Doha QAT"]
[Date "2016.12.29"]
[Round "1.40"]
[White "Belyakov, Bogdan"]
[Black "Nguyen, Ngoc Truong Son"]
[Result "1/2-1/2"]
[WhiteTitle "IM"]
[BlackTitle "GM"]
[WhiteElo "2487"]
[BlackElo "2629"]
[WhiteFideId "24104795"]
[BlackFideId "12401110"]
[EventDate "2016.12.29"]

1. e4 e5 2. Nf3 Nc6 3. Nc3 Nf6 4. Be2 d6 5. d4 Bg4 6. d5 Bxf3 7. gxf3 Ne7 8. f4
Ng6 9. f5 Nf4 10. Bxf4 exf4 11. Qd2 g5 12. fxg6 hxg6 13. Bb5+ Nd7 14. O-O-O a6
15. Bxd7+ Qxd7 16. Kb1 Bg7 17. Qxf4 Bxc3 18. bxc3 O-O-O 19. h4 Qb5+ 20. Ka1 Qc4
21. Qe3 Rde8 22. f3 f5 23. Qd3 Qc5 24. exf5 gxf5 25. Qxf5+ Kb8 26. Qd3 Rh5 27.
c4 Re3 28. Qd4 Qxd4+ 29. Rxd4 Rxf3 30. Kb2 Kc8 31. Rg4 1/2-1/2

[Event "World Blitz 2016"]
[Site "Doha QAT"]
[Date "2016.12.29"]
[Round "1.41"]
[White "Vallejo Pons, Francisco"]
[Black "Shytaj, Luca"]
[Result "1-0"]
[WhiteTitle "GM"]
[BlackTitle "IM"]
[WhiteElo "2711"]
[BlackElo "2435"]
[WhiteFideId "2205530"]
[BlackFideId "812633"]
[EventDate "2016.12.29"]

1. d4 Nf6 2. c4 e6 3. g3 Bb4+ 4. Bd2 Bxd2+ 5. Qxd2 O-O 6. Bg2 d6 7. Nc3 Nc6 8.
e3 a6 9. Nge2 e5 10. O-O Re8 11. h3 h5 12. b3 Bf5 13. d5 Ne7 14. e4 Bd7 15. f4
exf4 16. Nxf4 Ng6 17. Rae1 Ne5 18. Qd1 h4 19. gxh4 Nh7 20. Qh5 Nf8 21. Qg5 Qe7
22. Qg3 Nh7 23. Kh2 Kh8 24. Rf2 Rg8 25. h5 g5 26. hxg6 Nxg6 27. Nxg6+ Rxg6 28.
Qf4 Rag8 29. Ree2 Nf6 30. e5 dxe5 31. Qxe5 Qd6 32. Qxd6 cxd6 33. Re7 Be8 34.
Rxb7 Nh5 35. Re7 Nf4 36. Bf1 Nh5 37. Ne4 Kg7 38. Be2 Kf8 39. Rxe8+ Kxe8 40. Bxh5
R6g7 41. Nf6+ 1-0

[Event "World Blitz 2016"]
[Site "Doha QAT"]
[Date "2016.12.29"]
[Round "1.42"]
[White "Debashis, Das"]
[Black "Naiditsch, Arkadij"]
[Result "1/2-1/2"]
[WhiteTitle "GM"]
[BlackTitle "GM"]
[WhiteElo "2472"]
[BlackElo "2687"]
[WhiteFideId "5024854"]
[BlackFideId "4650891"]
[EventDate "2016.12.29"]

1. d4 Nf6 2. c4 e6 3. Nc3 Bb4 4. e3 O-O 5. Bd3 d5 6. Nf3 c5 7. O-O Nc6 8. cxd5
exd5 9. dxc5 Bxc5 10. h3 Re8 11. b3 a6 12. Bb2 Bd6 13. Rc1 Ne5 14. Be2 Be6 15.
Na4 Nxf3+ 16. Bxf3 Qe7 17. Qd4 Rad8 18. Rfd1 Bb8 19. Qc5 Bd6 20. Qd4 h6 21. Qh4
Ne4 22. Qxe7 Bxe7 23. Rc7 b5 24. Nc3 Bf6 25. Ba1 Be5 26. Rc6 Bd7 27. Nxe4 Bxc6
28. Nc5 Bxa1 29. Rxa1 a5 30. Rd1 Ba8 31. a3 d4 32. Bxa8 dxe3 33. Rxd8 Rxd8 34.
Bf3 exf2+ 35. Kxf2 Rd2+ 36. Ke3 Rb2 37. Kd4 f5 38. Kc3 Rb1 39. Nd3 g5 40. Bc6 a4
41. bxa4 bxa4 42. Bxa4 Kg7 43. Bc6 Kf6 44. a4 Ke7 45. a5 Kd6 46. Bf3 Kc7 47. a6
Kb6 48. Bb7 h5 49. Kd4 g4 50. hxg4 fxg4 51. Nf4 h4 52. Ke3 h3 53. gxh3 gxh3 54.
Nxh3 Rb3+ 55. Kd4 Rxh3 56. Kc4 Ra3 57. Kd4 Ra4+ 58. Kc3 Kc5 59. Kb3 Ra5 60. Kc3
Ra3+ 61. Kb2 Kb4 62. Be4 Rxa6 63. Bc2 Rb6 64. Bd3 Rd6 65. Bc2 Rd2 66. Kb1 Kc3
67. Bg6 Rf2 68. Bh7 Rf7 69. Bg8 Rb7+ 70. Ka1 Ra7+ 71. Kb1 Ra8 72. Bf7 Rf8 73.
Be6 Rf1+ 74. Ka2 Rf2+ 75. Kb1 Re2 76. Bf7 Rb2+ 77. Ka1 Kc2 78. Bg6+ Kc1 79. Bf7
Rb6 80. Bd5 Kc2 81. Bf7 Kc3 82. Ka2 Rb7 83. Be6 Re7 84. Bg8 Kc2 85. Ka1 Re1+ 86.
Ka2 Re8 87. Bb3+ Kc3 88. Bf7 Re7 1/2-1/2

[Event "World Blitz 2016"]
[Site "Doha QAT"]
[Date "2016.12.29"]
[Round "1.43"]
[White "Banikas, Hristos"]
[Black "Kayumov, Sergey"]
[Result "1/2-1/2"]
[WhiteTitle "GM"]
[BlackTitle "GM"]
[WhiteElo "2568"]
[BlackElo "2505"]
[WhiteFideId "4202031"]
[BlackFideId "14200880"]
[EventDate "2016.12.29"]

1. Nf3 Nf6 2. d4 e6 3. c4 Nc6 4. a3 d6 5. Nc3 g6 6. g3 Bg7 7. Bg2 O-O 8. O-O Re8
9. d5 Nb8 10. dxe6 Bxe6 11. Nd4 Bc8 12. b3 Nbd7 13. Bb2 Nc5 14. Qc2 c6 15. Rad1
Qc7 16. h3 a5 17. Rd2 Bd7 18. Rfd1 Rad8 19. b4 axb4 20. axb4 Ne6 21. Nf3 Bc8 22.
Na4 h6 23. e4 Ng5 24. Nxg5 hxg5 25. c5 dxc5 26. bxc5 Rxd2 27. Rxd2 g4 28. h4 Be6
29. Nb6 Rd8 30. Bc3 Rxd2 31. Qxd2 Nd7 32. Bxg7 Kxg7 33. Nxd7 Qxd7 34. Qc3+ f6
35. e5 f5 36. Qb2 Kf7 37. Bf1 Ke7 38. Be2 Kd8 39. Qb6+ Qc7 40. Qxc7+ Kxc7 41. f3
gxf3 42. Bxf3 b6 43. cxb6+ Kxb6 44. Kf2 Kb5 45. Ke3 c5 46. Kf4 c4 47. Be2 Kc5
48. Kg5 c3 49. Bd3 Kd4 50. Bc2 Kxe5 51. Kxg6 f4 52. gxf4+ Kxf4 53. h5 Bd5 54. h6
Be4+ 55. Bxe4 Kxe4 56. h7 1/2-1/2

[Event "World Blitz 2016"]
[Site "Doha QAT"]
[Date "2016.12.29"]
[Round "1.44"]
[White "Hirneise, Jens"]
[Black "Salem, A.R. Saleh"]
[Result "0-1"]
[WhiteTitle "FM"]
[BlackTitle "GM"]
[WhiteElo "2315"]
[BlackElo "2656"]
[WhiteFideId "24614734"]
[BlackFideId "9301348"]
[EventDate "2016.12.29"]

1. e4 c5 2. Nf3 d6 3. d4 cxd4 4. Nxd4 Nf6 5. Nc3 a6 6. Be3 Ng4 7. Bg5 h6 8. Bh4
g5 9. Bg3 Bg7 10. h3 Ne5 11. f3 Nbc6 12. Bf2 Bd7 13. Qd2 Ng6 14. O-O-O Rc8 15.
Kb1 Qa5 16. a3 O-O 17. g3 Nxd4 18. Bxd4 Bxd4 19. Qxd4 Qe5 20. Qf2 Rxc3 21. bxc3
Qxc3 22. Rd3 Qa5 23. f4 Rc8 24. h4 Ba4 25. Rd5 Qc3 26. Rh2 Qxa3 27. Bd3 Bb3 28.
Qd4 Ba2+ 29. Ka1 Bxd5+ 30. Kb1 Ba2+ 31. Ka1 Bc4+ 32. Kb1 Bxd3 33. Qxd3 Qxd3 34.
cxd3 gxf4 35. h5 fxg3 36. Rg2 Nf4 37. Rxg3+ Kf8 38. Kb2 e5 0-1

[Event "World Blitz 2016"]
[Site "Doha QAT"]
[Date "2016.12.29"]
[Round "1.46"]
[White "Tregubov, Pavel V."]
[Black "Borisek, Jure"]
[Result "0-1"]
[WhiteTitle "GM"]
[BlackTitle "GM"]
[WhiteElo "2585"]
[BlackElo "2561"]
[WhiteFideId "4115341"]
[BlackFideId "14603152"]
[EventDate "2016.12.29"]

1. d4 d5 2. c4 dxc4 3. e3 Nf6 4. Bxc4 e6 5. Nf3 c5 6. O-O a6 7. Bb3 cxd4 8. exd4
Nc6 9. Nc3 Be7 10. Re1 O-O 11. a3 b5 12. d5 exd5 13. Nxd5 Nxd5 14. Qxd5 Bb7 15.
Qh5 Na5 16. Ba2 Nc4 17. Bf4 Bf6 18. Rad1 Qc8 19. b3 Nb2 20. Rd6 Re8 21. Rxf6
Bxf3 22. Qxf7+ Kh8 23. Rfe6 Rxe6 24. Qxe6 Nd3 25. gxf3 Qxe6 26. Rxe6 Nxf4 27.
Re4 g5 28. h4 h6 29. hxg5 hxg5 30. Bb1 Rd8 31. Re1 Rd2 32. Bf5 Ra2 33. a4 bxa4
34. bxa4 Rxa4 35. Re7 a5 36. Kh2 Ra1 37. Ra7 a4 38. Be4 a3 39. Kg3 Kg8 40. Kg4 0-1

[Event "World Blitz 2016"]
[Site "Doha QAT"]
[Date "2016.12.29"]
[Round "1.47"]
[White "Li, Chao b"]
[Black "Xu, Yi"]
[Result "1-0"]
[WhiteTitle "GM"]
[BlackTitle "IM"]
[WhiteElo "2720"]
[BlackElo "2430"]
[WhiteFideId "8604436"]
[BlackFideId "8605564"]
[EventDate "2016.12.29"]

1. b3 d5 2. Bb2 Nf6 3. e3 c5 4. Nf3 Nc6 5. Bb5 a6 6. Bxc6+ bxc6 7. Ne5 Qc7 8. d3
g6 9. Nd2 Bg7 10. f4 a5 11. a4 Bb7 12. Qe2 O-O 13. O-O Nd7 14. Ndf3 Nb6 15. Rab1
f6 16. Ng4 Rae8 17. Bc3 Nd7 18. Qe1 Ra8 19. e4 h5 20. Nf2 Qxf4 21. exd5 cxd5 22.
Qxe7 Rf7 23. Qe6 Nf8 24. Qe2 d4 25. Bd2 Qc7 26. Rbe1 Bc6 27. Qd1 Re7 28. Rxe7
Qxe7 29. Re1 Qb7 30. Ne4 Nd7 31. Nd6 Qc7 32. Nc4 g5 33. Qe2 Bd5 34. Rf1 Bf7 35.
Qf2 Bg6 36. Qe1 Re8 37. Qg3 Ne5 38. Nfxe5 fxe5 39. Qxg5 Kh7 40. Bxa5 Qc6 41. Bb6
Rg8 42. Qe7 Kh8 43. Qxc5 Qb7 44. Nxe5 Bh6 45. Nxg6+ Rxg6 46. Qe5+ Bg7 47. Qxh5+
Rh6 48. Qe8+ Kh7 49. a5 Qd5 50. Qe4+ Qxe4 51. dxe4 1-0

[Event "World Blitz 2016"]
[Site "Doha QAT"]
[Date "2016.12.29"]
[Round "1.48"]
[White "Gashimov, Sarkhan"]
[Black "Bok, Benjamin"]
[Result "0-1"]
[BlackTitle "GM"]
[WhiteElo "2351"]
[BlackElo "2598"]
[WhiteFideId "13400657"]
[BlackFideId "1017063"]
[EventDate "2016.12.29"]

1. Nf3 c5 2. b3 d6 3. g3 Nc6 4. Bg2 g6 5. Bb2 e5 6. d3 Bg7 7. Nfd2 Nge7 8. c4
Be6 9. Nc3 d5 10. cxd5 Nxd5 11. Rc1 O-O 12. O-O b6 13. Nc4 Rc8 14. a3 Qd7 15.
Re1 Rfd8 16. Nxd5 Bxd5 17. Bxd5 Qxd5 18. Ne3 Qe6 19. Rc4 Na5 20. Rc2 Qxb3 21.
Qb1 Qe6 22. Qa1 Nb3 23. Qb1 Nd4 24. Bxd4 exd4 25. Nc4 h5 26. a4 Rb8 27. Qb5 h4
28. Kg2 h3+ 29. Kg1 Re8 30. f3 Bh6 31. Qb2 a6 32. Rf1 b5 33. axb5 axb5 34. Na5
Qd5 35. Nb3 c4 36. Na5 c3 37. Qb3 Qxb3 38. Nxb3 Be3+ 39. Kh1 Ra8 40. Rb1 Ra3 41.
Nc5 Rea8 42. Rcc1 Bxc1 43. Rxc1 Ra1 0-1

[Event "World Blitz 2016"]
[Site "Doha QAT"]
[Date "2016.12.29"]
[Round "1.49"]
[White "Fressinet, Laurent"]
[Black "Tissir, Mohamed"]
[Result "1-0"]
[WhiteTitle "GM"]
[BlackTitle "IM"]
[WhiteElo "2672"]
[BlackElo "2376"]
[WhiteFideId "608742"]
[BlackFideId "9000240"]
[EventDate "2016.12.29"]

1. Nf3 Nf6 2. g3 g6 3. b3 Bg7 4. Bb2 O-O 5. Bg2 d6 6. d4 Nfd7 7. O-O Nc6 8. Nc3
e5 9. dxe5 Ndxe5 10. Nxe5 dxe5 11. Qxd8 Rxd8 12. Nd5 Bg4 13. e3 Rac8 14. h3 Bf5
15. c4 Bd3 16. Rfd1 e4 17. Bf6 Rd6 18. Bxg7 Kxg7 19. Nf4 Rcd8 20. Nxd3 exd3 21.
c5 R6d7 22. Bxc6 bxc6 23. Rd2 Rd5 24. Rc1 f5 25. Rc4 Kf6 26. f3 g5 27. Kf2 h5
28. e4 fxe4 29. fxe4 Rd4 30. Rxd4 Rxd4 31. Ke3 Ke5 32. Rxd3 Rxe4+ 33. Kf2 Rd4
34. Re3+ Kd5 35. Re7 Kxc5 36. Rxc7 Rd2+ 37. Kf3 Rxa2 38. Rh7 Ra3 39. Rxh5 Rxb3+
40. Kg4 a5 41. Rxg5+ Kb6 42. Rg8 Rb4+ 43. Kg5 a4 44. h4 a3 45. Rb8+ Kc5 46. Ra8
Rb3 47. g4 Kc4 48. h5 Kc3 49. h6 Kb2 50. h7 Rh3 51. h8=Q+ Rxh8 52. Rxh8 c5 53.
Rb8+ Kc2 54. Rc8 1-0

[Event "World Blitz 2016"]
[Site "Doha QAT"]
[Date "2016.12.29"]
[Round "1.50"]
[White "Gholami, Aryan"]
[Black "Mareco, Sandro"]
[Result "1/2-1/2"]
[WhiteTitle "IM"]
[BlackTitle "GM"]
[WhiteElo "2422"]
[BlackElo "2635"]
[WhiteFideId "12513342"]
[BlackFideId "112275"]
[EventDate "2016.12.29"]

1. e4 c5 2. Nf3 e6 3. g3 Nc6 4. Bg2 Nf6 5. Qe2 d6 6. O-O Be7 7. c3 O-O 8. d3 b6
9. Nbd2 Bb7 10. a3 a5 11. a4 d5 12. e5 Nd7 13. Re1 Ba6 14. Nf1 b5 15. axb5 Bxb5
16. h4 a4 17. N1h2 Na5 18. Bg5 Nb3 19. Ra3 h6 20. Bxe7 Qxe7 21. Ng4 Rfc8 22. h5
d4 23. c4 Bc6 24. Nd2 Bxg2 25. Kxg2 Nxd2 26. Qxd2 Rcb8 27. Rea1 Rb4 28. f4 Nf8
29. Nf2 Qb7+ 1/2-1/2

[Event "World Blitz 2016"]
[Site "Doha QAT"]
[Date "2016.12.29"]
[Round "1.51"]
[White "Khusnutdinov, Rustam"]
[Black "Saeed, Ishaq"]
[Result "1-0"]
[WhiteTitle "GM"]
[BlackTitle "FM"]
[WhiteElo "2458"]
[BlackElo "2312"]
[WhiteFideId "13701703"]
[BlackFideId "9301453"]
[EventDate "2016.12.29"]

1. e4 e5 2. Nf3 Nc6 3. Bb5 a6 4. Ba4 Nf6 5. O-O Nxe4 6. d4 b5 7. Bb3 d5 8. dxe5
Be6 9. Nbd2 Nc5 10. c3 d4 11. Bxe6 Nxe6 12. Ne4 Qd5 13. Re1 Rd8 14. cxd4 Ncxd4
15. Nxd4 Qxd4 16. Qc2 Bb4 17. Be3 Qd3 18. Qc6+ Qd7 19. Rec1 Qxc6 20. Rxc6 O-O
21. Rxa6 Rd5 22. f4 Rd3 23. Kf2 Rfd8 24. Rc6 h6 25. Rac1 Nd4 26. Rxc7 Nf5 27.
Rc8 Rxc8 28. Rxc8+ Kh7 29. Bc1 Ba5 30. Ke2 Rd4 31. Nf2 Rd5 32. Kf3 Nd4+ 33. Ke4
Rd7 34. Be3 Ne6 35. f5 Ng5+ 36. Bxg5 hxg5 37. e6 fxe6 38. fxe6 Rd2 39. Kf3 Bb4
40. a3 Be7 41. Rc7 Bd6 42. Rd7 Rd5 43. Ne4 Rf5+ 44. Ke2 Re5 45. Kd3 Rd5+ 46. Kc2
Be5 47. Rxd5 1-0

[Event "World Blitz 2016"]
[Site "Doha QAT"]
[Date "2016.12.29"]
[Round "1.52"]
[White "Stratonowitsch, Andre"]
[Black "Jakovenko, Dmitry"]
[Result "1/2-1/2"]
[BlackTitle "GM"]
[WhiteElo "2138"]
[BlackElo "2704"]
[WhiteFideId "24613959"]
[BlackFideId "4122356"]
[EventDate "2016.12.29"]

1. e4 e5 2. Nf3 Nc6 3. Bb5 Nf6 4. O-O Nxe4 5. d4 Nd6 6. Bxc6 dxc6 7. dxe5 Nf5 8.
Qxd8+ Kxd8 9. Rd1+ Ke8 10. Nc3 Ne7 11. Bg5 Bd7 12. Rd2 h6 13. Bh4 c5 14. Re1 Bc6
15. e6 f6 16. Bg3 Rc8 17. Red1 Nf5 18. Nd5 Nxg3 19. hxg3 Bxd5 20. Rxd5 Bd6 21.
Nh4 Ke7 22. Ng6+ Kxe6 23. Nxh8 Rxh8 24. c4 h5 25. Re1+ Kf7 26. b4 cxb4 27. c5
Be5 28. Rd7+ Kg6 1/2-1/2

[Event "World Blitz 2016"]
[Site "Doha QAT"]
[Date "2016.12.29"]
[Round "1.53"]
[White "Zhang, Zhong"]
[Black "khayat, Abdullah F"]
[Result "1-0"]
[WhiteTitle "GM"]
[WhiteElo "2645"]
[BlackElo "1732"]
[WhiteFideId "8600694"]
[BlackFideId "21500460"]
[EventDate "2016.12.29"]

1. e4 d5 2. exd5 Nf6 3. Nf3 Nxd5 4. d4 Bg4 5. Be2 e6 6. O-O Bd6 7. h3 Bh5 8. c4
Nf6 9. Qb3 b6 10. Bg5 O-O 11. Nc3 c6 12. Rad1 Be7 13. Bf4 Nbd7 14. Qa4 Qc8 15.
Rfe1 h6 16. a3 g5 17. Bg3 Bg6 18. Bf1 Nh5 19. Bh2 Ng7 20. b4 f5 21. Ne5 Nxe5 22.
Bxe5 f4 23. d5 exd5 24. cxd5 b5 25. Qb3 f3 26. d6+ Bf7 27. Qb2 Bd8 28. d7 Qb7
29. Nxb5 cxb5 30. Bxg7 Rb8 31. Bxf8 Kxf8 32. Qh8+ Bg8 33. Re8+ Kf7 34. Qxg8+ Kf6
35. Qe6+ Kg7 36. Rg8+ Kh7 37. Qg6# 1-0

[Event "World Blitz 2016"]
[Site "Doha QAT"]
[Date "2016.12.29"]
[Round "2.4"]
[White "Karjakin, Sergey"]
[Black "Li, Chao b"]
[Result "1-0"]
[WhiteTitle "GM"]
[BlackTitle "GM"]
[WhiteElo "2785"]
[BlackElo "2720"]
[WhiteFideId "14109603"]
[BlackFideId "8604436"]
[EventDate "2016.12.29"]

1. d4 Nf6 2. Bf4 g6 3. Nc3 d5 4. e3 Bg7 5. h4 h5 6. Nf3 Bg4 7. Be2 c6 8. Ne5
Bxe2 9. Qxe2 Nbd7 10. O-O-O Nxe5 11. Bxe5 Qd7 12. f3 b5 13. e4 a6 14. Kb1 O-O-O
15. Rhe1 e6 16. Qd2 Ne8 17. Bxg7 Nxg7 18. Ne2 Qc7 19. Qc3 Ne8 20. Nc1 Nd6 21.
Nd3 Kb7 22. b3 Rhe8 23. e5 Nf5 24. Rh1 Rh8 25. Nc5+ Ka7 26. a4 Rb8 27. axb5 cxb5
28. Kb2 b4 29. Qd3 Qb6 30. Ra1 a5 31. Ra4 Qb5 32. Rxa5+ Qxa5 33. Ra1 Qxa1+ 34.
Kxa1 Rb6 35. Kb2 Ra8 36. g4 Nxh4 37. Qe3 hxg4 38. fxg4 Rh8 39. Qf2 Nf5 40. gxf5
gxf5 41. Qg1 Rbb8 42. Qa1+ Kb6 43. Nd7+ Kc7 44. Nxb8 Rxb8 45. Qa7+ Rb7 46. Qc5+
Kd7 47. Qd6+ Ke8 48. Qc6+ Rd7 49. Qb5 1-0

[Event "World Blitz 2016"]
[Site "Doha QAT"]
[Date "2016.12.29"]
[Round "2.7"]
[White "Grischuk, Alexander"]
[Black "Khusnutdinov, Rustam"]
[Result "1-0"]
[WhiteTitle "GM"]
[BlackTitle "GM"]
[WhiteElo "2737"]
[BlackElo "2458"]
[WhiteFideId "4126025"]
[BlackFideId "13701703"]
[EventDate "2016.12.29"]

1. d4 Nf6 2. Bf4 g6 3. Nc3 d5 4. e3 Bg7 5. h4 h6 6. Nf3 Bg4 7. Be2 c6 8. Ne5
Bxe2 9. Qxe2 Nbd7 10. O-O-O Qa5 11. Kb1 Nxe5 12. Bxe5 h5 13. e4 O-O-O 14. exd5
cxd5 15. Rh3 Rd7 16. Nb5 a6 17. Rc3+ Kd8 18. Na7 e6 19. Qf3 Ke7 20. Nc8+ Rxc8
21. Rxc8 Rd8 22. Bc7 1-0